00500nam a2200193 a 4500001001300000003000900013005001700022008004100039020001000080082001800090100002300108245002800131260003000159300000900189500003500198505001000233650004000243700002300283nice12345678IN_TiNIC20260116011552.0050524s1864 lona grp 000 0 eng  ac10000a915.5804bVAM aVamberry, Arminius aTravels Is Central Asia aLondonbJohn Murrayc1864 a443p aincludes index and biblioraphy2 aIndex aCentral Asia-Description and Travel1 aVamberry, Arminius